UCM

Introdution to the Teory of Law (Record no. 25109)

MARC details
000 -LEADER
fixed length control field 00441nam a22001457a 4500
008 - FIXED-LENGTH DATA ELEMENTS--GENERAL INFORMATION
fixed length control field 130511b xxu||||| |||| 00| 0 eng d
020 ## - INTERNATIONAL STANDARD BOOK NUMBER
International Standard Book Number S/ISBN
080 ## - UNIVERSAL DECIMAL CLASSIFICATION NUMBER
Universal Decimal Classification number 811.111
100 ## - MAIN ENTRY--PERSONAL NAME
Personal name ILWIOI-4, Department of Jurisprudence
245 ## - TITLE STATEMENT
Title Introdution to the Teory of Law
Statement of responsibility, etc ILWIOI-4 Department of Jurisprudence
250 ## - EDITION STATEMENT
Edition statement S/ed
260 ## - PUBLICATION, DISTRIBUTION, ETC. (IMPRINT)
Place of publication, distribution, etc Pretoria
Name of publisher, distributor, etc Univercity of South Africa
Date of publication, distribution, etc 2001/2003
300 ## - PHYSICAL DESCRIPTION
Extent 238p.
Other physical details
Dimensions
Accompanying material
Type of unit
Size of unit
942 ## - ADDED ENTRY ELEMENTS (KOHA)
Source of classification or shelving scheme Universal Decimal Classification
Item type Books

No items available.


Universidade Católica de Moçambique - Rua Marquês de Soveral, 960, Palmeiras II, Beira, Moçambique

Tel (Central): (+258) 23 313 077 - Fax: (+258) 23 311 520 - Email: reitoria@ucm.ac.mz - Web: www.ucm.ac.mz